Szczegóły MARC21

Helvetia literarisch : eine Anthologie der Texte schweizer Autoren mit Aufgaben /

003 -Nazwa inst., której nr kontr. jest w polu 001 [,]
    • @
    • Nazwa instytucji, której n kontrolny jest w polu 001
    • NUKAT
005 -DATA I CZAS OSTATNIEJ MODYFIKACJI [,]
    • @
    • pole kontrolne
    • 20241231094829.0
020 -Międzynarod. znormalizowany nr książki - ISBN [ , ]
    • a
    • Numer ISBN
    • 9788374323635 Find
    • q
    • Dopowiedzenie
    • Atut
020 -Międzynarod. znormalizowany nr książki - ISBN [ , ]
    • a
    • Numer ISBN
    • 9783940310378 Find
    • q
    • Dopowiedzenie
    • Neisse Verlag
040 -Instytucja sporządzająca opis [ , ]
    • a
    • Instytucja, która sporządziła opis (NP)
    • WR U/jlk
    • c
    • Instytucja, która sporządziła rekord (NP)
    • WR U/jlk
    • d
    • Instytucja, która zmodyfikowała rekord (P)
    • WR U/dl
    • d
    • Instytucja, która zmodyfikowała rekord (P)
    • WA U/JKs
044 -Kraj miejsca wydania [ , ]
    • a
    • Kraj miejsca wydania
    • Niemcy
    • a
    • Kraj miejsca wydania
    • Polska
942 -Rodzaj dokumentu [ , ]
    • c
    • Rodzaj dokumentu
    • Książka
245 -Strefa tytułu i oznaczenia odpowiedzialności [0,0]
    • a
    • Tytuł
    • Helvetia literarisch : Find
    • b
    • Ciąg dalszy tytułu (NP)
    • eine Anthologie der Texte schweizer Autoren mit Aufgaben / Find
    • c
    • Pozostałe elementy strefy tytułu i oznaczenia odpowiedzialności (NP)
    • mit einer Einführung von Joanna Jabłkowska ; Hrsg. von Alina Kowalczyk und Sebastian Mrożek.
260 -Strefa adresu wydawniczego [ , ]
    • a
    • Miejsce wydania (P)
    • Dresden :
    • b
    • Nazwa wydawcy (P)
    • Neisse Verlag ;
    • a
    • Miejsce wydania (P)
    • Wrocław :
    • b
    • Nazwa wydawcy (P)
    • Oficyna Wydawnicza "Atut" - Wrocławskie Wydawnictwo Oświatowe,
    • c
    • Data wydania (P)
    • 2008.
300 -Strefa opisu fizycznego [ , ]
    • a
    • Określenie formy książki i/lub objętość (NP)
    • 343 s. :
    • b
    • Oznaczenie ilustracji (NP)
    • il. ;
    • c
    • Format (NP)
    • 24 cm.
336 -Typ zawartości [ , ]
    • a
    • Termin opisujący typ zawartości
    • Tekst
    • b
    • Kod określający zawartość
    • txt
    • 2
    • Źródło (terminu i kodu)
    • rdacontent
337 -Typ mediów [ , ]
    • a
    • Tryb odtwarzania
    • Bez urządzenia pośredniczącego
    • b
    • Kod typu mediów
    • n
    • 2
    • Źródło (terminu i kodu)
    • rdamedia
338 -Typ/rodzaj nośnika [ , ]
    • a
    • Hasło opisujące typ nośnika
    • Wolumin
    • b
    • Kod typu nośnika
    • nc
    • 2
    • Źródło (terminu i kodu)
    • rdacarrier
500 -Uwaga ogólna [ , ]
    • a
    • Uwaga ogólna (NP)
    • Mapy na wyklejkach.
504 -Uwaga dot. bibliogr. załącznikowej [ , ]
    • a
    • Uwaga dot. bibliografii załącznikowej
    • Bibliogr. przy rozdz.
080 -Uniwersalna Klasyfikacja Dziesiętna [ , ]
    • 2
    • Identyfikator wydania tablic
    • UDC-P058
    • 9
    • UKD
    • 12582
    • a
    • Symbol klasyfikacji
    • 821.112.2(494)-82
    • b
    • Dopowiedzenie
    • Literatura szwajcarska w języku niemieckim. - Antologie. Wypisy. Chrestomatie. Silva rerum.
    • 4
    • UKD2
    • 9033
    • x
    • Poddział wspólny
    • "18/20"
    • c
    • Dopowiedzenie poddz. wspólnego
    • Wiek XIX/XXI.
    • 4
    • UKD2
    • 7665
    • x
    • Poddział wspólny
    • (075.8)
    • c
    • Dopowiedzenie poddz. wspólnego
    • (Podręczniki dla szkół wyższych. Skrypty).
080 -Uniwersalna Klasyfikacja Dziesiętna [ , ]
    • 2
    • Identyfikator wydania tablic
    • UDC-P058
    • 9
    • UKD
    • 9793
    • a
    • Symbol klasyfikacji
    • 821.112.2(494)(091)
    • b
    • Dopowiedzenie
    • Literatura szwajcarska w języku niemieckim (historia).
    • 4
    • UKD2
    • 9033
    • x
    • Poddział wspólny
    • "18/20"
    • c
    • Dopowiedzenie poddz. wspólnego
    • Wiek XIX/XXI.
    • 4
    • UKD2
    • 7665
    • x
    • Poddział wspólny
    • (075.8)
    • c
    • Dopowiedzenie poddz. wspólnego
    • (Podręczniki dla szkół wyższych. Skrypty).
650 -Hasło przedmiotowe [ ,7]
    • a
    • Hasło przedmiotowe
    • Język niemiecki
    • x
    • Określnik rzeczowy
    • lektury i wypisy
    • x
    • Określnik rzeczowy
    • literatura.
    • 2
    • Źródło terminu
    • kaba
    • 9
    • KHW
    • 350970
655 -Hasło w funkcji tematu formalnego [ ,7]
    • a
    • Hasło
    • Literatura szwajcarska w języku niemieckim.
    • 2
    • Źródło terminu
    • kaba
    • 9
    • KHW
    • 184414
980 -Symbol UKD [ , ]
    • a
    • UKD
    • 821.112.2(494)-82:821.112.2(494)(091)]"18/20"(075.8)
700 -Hasło dodatkowe - nazwa osobowa [1, ]
    • a
    • Nazwa osobowa (NP)
    • Jabłkowska, Joanna. Find
    • e
    • Określenie rodzaju współpracy
    • Wstęp
    • 9
    • KHW
    • 12580
700 -Hasło dodatkowe - nazwa osobowa [1, ]
    • a
    • Nazwa osobowa (NP)
    • Dittmann, Alina Find
    • d
    • Daty biograficzne (NP)
    • (1973- ).
    • e
    • Określenie rodzaju współpracy
    • Red.
    • 9
    • KHW
    • 632750
700 -Hasło dodatkowe - nazwa osobowa [1, ]
    • a
    • Nazwa osobowa (NP)
    • Mrożek, Sebastian. Find
    • e
    • Określenie rodzaju współpracy
    • Red.
    • 9
    • KHW
    • 632749
710 -Hasło dodatkowe - nazwa ciała zbiorowego [2, ]
    • a
    • Nazwa ciała zbiorowego lub nazwa geograficzna jako pierwszy element (NP)
    • Oficyna Wydawnicza Atut, Wrocławskie Wydawnictwo Oświatowe.
    • 4
    • Kod relacji
    • pbl
    • 9
    • KHW
    • 65225
920 -ISBN [ , ]
    • a
    • ISBN
    • 978-83-7432-363-5 Find
    • q
    • Dopowiedzenie
    • Atut
920 -ISBN [ , ]
    • a
    • ISBN
    • 978-3-940310-37-8 Find
    • q
    • Dopowiedzenie
    • Neisse Verlag
Numer inwentarzowy Status udost. Lokalizacja Data inwentaryzacji Sygnatura
G.18815-3BM2010-04-23Germ. Antologie 15